Ambulantná starostlivosť - pneumológia a ftizeológia v SR ...

Podrobná bibliografia
Médium: Seriál
Jazyk:slovenčina
Fyzický popis:grafy, tabuľky 21 cm
Vydavateľské údaje: Bratislava Národné centrum zdravotníckych informácií
Edícia:Zdravotnícka štatistika
Predmet:

MARC

LEADER 00000nas a2200000 4500
001 vtls012253942
003 SK-MaSNL
005 20260425194132.0
008 240403u200u201uxo ar s 0 b0slo
040 |a SNK  |b slo  |c SNK  |e rda 
041 0 |a slo 
043 |a e-xo--- 
044 |a xo  |c SK 
072 7 |a 616  |x Patológia. Klinická medicína  |2 konspekt 
072 7 |a 311  |x Štatistika  |2 konspekt 
080 |a 616.24  |2 2011 
080 |a 616-002.5  |2 2011 
080 |a 616-082  |2 2011 
080 |a (437.6)  |2 2011 
080 |a (048.8:083.41)  |2 2011 
080 |a (058)  |2 2011 
245 0 0 |a Ambulantná starostlivosť - pneumológia a ftizeológia v SR ... 
264 1 |a Bratislava  |b Národné centrum zdravotníckych informácií 
300 |b grafy, tabuľky  |c 21 cm 
310 |a 1x ročne 
336 |a text  |b txt  |2 rdacontent 
337 |a bez média  |b n  |2 rdamedia 
338 |a zväzok  |b nc  |2 rdacarrier 
490 1 |a Zdravotnícka štatistika 
500 |a Súčasťou názvu je označenie kalendárneho roku 
500 |a Každé vydanie v edícii je samostatne číslované 
588 |a Popis podľa: 2005 
650 0 7 |a ambulantná starostlivosť  |2 SNKPH  |9 16081 
650 0 7 |a Ambulatory medical care  |2 SNKPHeng  |9 268314 
650 0 7 |a pneumológia  |2 SNKPH  |9 913 
650 0 7 |a Pneumology  |2 SNKPHeng  |9 266835 
650 0 7 |a ftizeológia  |2 SNKPH  |9 19202 
650 0 7 |a Phthisiology  |2 SNKPHeng  |9 142877 
651 7 |a Slovensko  |2 SNKPHgeo  |9 14231 
651 7 |a Slovakia  |2 SNKPHeng  |9 92630 
655 7 |a štatistické prehľady  |2 SNKPH  |9 70689 
655 7 |a Statistical surveys  |2 SNKPHeng  |9 265594 
655 7 |a ročenky  |2 SNKPH  |9 57146 
830 0 |a Zdravotnícka štatistika  |9 265595 
999 |c 4865  |d 6795 
952 |a SNK  |b SNK  |y NEVYP  |7 1  |p 17A1463128  |o snkČSC 4259/2005  |i snk2006/26727  |8 1  |0 0  |1 0  |4 0  |d 2024-04-03  |l 0  |r 2026-02-21 19:49:02  |w 2026-02-21